00490nam a2200193 a 4500001001300000003000900013005001700022008004100039020001000080082001300090100001500103245004400118260002000162300000900182500003500191505003100226650002400257700001500281nice12345678IN_TiNIC20260116011309.0050524s1889 leba grp 000 0 ara  ac10000a242bHAF aHafrkaan,  aAl-Makhdaat Al-Leenah Li Naom Ar-Raahat aLebanonbc1889 a174p aincludes index and biblioraphy2 aNotes, Bibliography, Index aDevotions-Christian1 aHafrkaan,